000 00419cam a2200157ua 4500
041 _aeng
_h
082 _a611.00223
_bPEC/AT
100 _aPeck, Stephen Rogers .
245 _aAtlas of human anatomy for the artist /
_cStephen rogers Peck.
_hTextual Documents
250 _a1 /
_b.
260 _aLondon :
_bOxford University Press ,
_c1963.
300 _a272 ; .
504 _a
942 _cBK
999 _c6892
_d6892